|
|
|
|
| LEADER |
00868nam a2200217 i 4500 |
| 001 |
10112577 |
| 003 |
GR-PaULI |
| 005 |
20240403142528.0 |
| 008 |
140416r20212018gr g 0 gre d |
| 020 |
|
|
|a 9786185265144
|
| 040 |
|
|
|a GR-PaULI
|b gre
|c GR-PaULI
|e AACR2
|
| 082 |
0 |
4 |
|a 155.2
|2 23
|
| 100 |
1 |
|
|a Ξενάκης, Στέφανος,
|9 202891
|d 1968-
|e συγγραφέας.
|
| 245 |
1 |
3 |
|a Το δώρο :
|b ένα τετράδιο θαυμάτων /
|c Στέφανος Ξενάκης.
|
| 260 |
|
|
|a Αθήνα :
|b Key Books,
|c 2018 [ανατύπωση 2021].
|
| 300 |
|
|
|a 295 σ. ;
|b
|c 21 εκ.
|
| 504 |
|
|
|a
|
| 942 |
|
|
|2 ddc
|c BK
|
| 952 |
|
|
|0 0
|1 0
|2 ddc
|4 0
|6 155_200000000000000_ΞΕΝ
|7 0
|9 379081
|a LISP
|b LISP
|c DON
|d 2024-04-03
|e ΠΑΤ
|i 364823
|l 0
|o 155.2 ΞΕΝ
|p 025000309177
|r 2024-04-03 00:00:00
|t 1
|w 2024-04-03
|y BKN
|
| 998 |
|
|
|c ΜΠΟΥΡΑΣ
|d 2024-04
|
| 999 |
|
|
|c 220354
|d 220354
|